000
00286nam a22001337a 4500
008
181030b xxu||||| |||| 00| 0 eng d
020
_a
9780618281008
041
_a
eng
080
_2
5th
_a
540
100
_a
12
101
_a
KIM
245
_a
Chemistry
_c
Zumdahl,S.S
942
_2
udc
_c
BK
999
_c
51070
_d
51070